000 00872pam a2200265 a 4500
001 2108810
005 20180823042228.0
008 961001s1997 moua b 001 0 eng c
010 _a 96046309
020 _a0815192703
040 _aDNLM/DLC
_cDLC
_dDLC
041 _aeng
060 1 0 _aWY 159 W872w 1997
080 _a610.7362
082 0 0 _a610.7362
_221
100 1 _a2
101 _aNUR
245 1 0 _aWhaley & Wong's essentials of pediatric nursing /
_cDonna L. Wong.
246 3 0 _aEssentials of pediatric nursing
246 3 _aWhaley and Wong's essentials of pediatric nursing
504 _aIncludes bibliographical references and index.
906 _a7
_bcbc
_corignew
_d1
_eocip
_f19
_gy-gencatlg
942 _2ddc
_cBK
999 _c47264
_d47264